| 000 | 01392cam a22002894a 4500 | ||
|---|---|---|---|
| 001 | 13029173 | ||
| 003 | ARRUPE | ||
| 005 | 20140217135700.0 | ||
| 008 | 021212s2004 enk b 001 0 eng | ||
| 010 | _a 2002155709 | ||
| 020 | _a0195166914 (alk. paper) | ||
| 040 |
_aDLC _cDLC _dDLC |
||
| 042 | _apcc | ||
| 050 | 0 | 0 |
_aML410.W14 _bS47 2003 |
| 100 | 1 |
_aScruton, Roger. _98691 |
|
| 245 | 1 | 0 |
_aDeath-devoted heart : _bsex and the sacred in Wagner's Tristan and Isolde / _cRoger Scruton. |
| 260 |
_aOxord ; _aNew York : _bOxford University Press, _c2004. |
||
| 300 |
_avi, 238 p. ; _c22 cm. |
||
| 504 | _aIncludes bibliographical references (p. [225]-231) and index. | ||
| 505 | 0 | _aWagner and religion -- The story of Tristan -- Wagner's treatment of the story -- The music of Tristan -- The philosophy of love -- Tragedy and sacrifice -- Love, death and redemption -- Epilogue : From romance to ritual. | |
| 600 | 1 | 0 |
_aWagner, Richard, _d1813-1883. _tTristan und Isolde. _98692 |
| 856 | 4 | 2 |
_3Publisher description _uhttp://www.loc.gov/catdir/enhancements/fy0613/2002155709-d.html |
| 856 | 4 | 2 |
_3Contributor biographical information _uhttp://www.loc.gov/catdir/enhancements/fy0725/2002155709-b.html |
| 906 |
_a7 _bcbc _corignew _d1 _eecip _f20 _gy-gencatlg |
||
| 942 |
_2lcc _cMONOGRAPH |
||
| 999 |
_c120069 _d120069 |
||